|
|
|
|
| LEADER |
01645nam a2200373 a 4500 |
| 001 |
34129 |
| 003 |
BD-DhAAL |
| 005 |
20260301102745.0 |
| 008 |
190103t2013 maua 001 0 eng d |
| 010 |
|
|
|a 2011944307
|
| 020 |
|
|
|a 9788131522820
|
| 020 |
|
|
|a 8131522822
|
| 020 |
|
|
|a 9781111827052
|
| 020 |
|
|
|a 1111827052
|
| 040 |
|
|
|a DLC
|c DLC
|d DLC
|d BD-DhAAL
|
| 042 |
|
|
|a pcc
|
| 050 |
0 |
0 |
|a QA372
|b .Z54 2013
|
| 082 |
0 |
0 |
|a 515.35
|2 23
|
| 100 |
1 |
|
|a Zill, Dennis G.,
|d 1940-
|9 29369
|
| 245 |
1 |
2 |
|a A first course in differential equations with modeling applications /
|c Dennis G. Zill.
|
| 250 |
|
|
|a Tenth edition.
|
| 260 |
|
|
|a Boston, MA :
|b Brooks/Cole, Cengage Learning,
|c c2013.
|
| 300 |
|
|
|a xiii, 384 pages :
|b illustrations ;
|c 29 cm.
|
| 500 |
|
|
|a Includes index.
|
| 526 |
|
|
|a CSE
|
| 541 |
|
|
|a Trim Education
|e 34129, 34130, 34131
|
| 650 |
|
0 |
|a Differential equations
|v Textbooks.
|9 29370
|
| 650 |
|
0 |
|a Computer science.
|9 42475
|
| 852 |
|
|
|a Ayesha Abed Library
|c General Stacks
|
| 942 |
|
|
|2 ddc
|c BK
|
| 999 |
|
|
|c 40157
|d 40157
|
| 952 |
|
|
|0 0
|1 0
|2 ddc
|4 0
|6 515_350000000000000_ZIL
|7 0
|9 64782
|a BRACUL
|b BRACUL
|c GEN
|d 2018-12-09
|e Trim Education
|g 1000.00
|l 15
|m 82
|o 515.35 ZIL
|p 3010034129
|r 2026-01-16
|s 2025-12-17
|t 1
|v 1000.00
|w 2018-12-09
|y BK
|
| 952 |
|
|
|0 0
|1 0
|2 ddc
|4 0
|6 515_350000000000000_ZIL
|7 0
|9 64783
|a BRACUL
|b BRACUL
|c GEN
|d 2018-12-09
|e Trim Education
|g 1000.00
|l 12
|m 49
|o 515.35 ZIL
|p 3010034130
|r 2025-12-18
|s 2025-12-17
|t 2
|v 1000.00
|w 2018-12-09
|y BK
|
| 952 |
|
|
|0 0
|1 0
|2 ddc
|4 0
|6 515_350000000000000_ZIL
|7 0
|9 64784
|a BRACUL
|b BRACUL
|c GEN
|d 2018-12-09
|e Trim Education
|g 1000.00
|l 19
|m 83
|o 515.35 ZIL
|p 3010034131
|r 2026-05-21
|s 2026-04-25
|t 3
|v 1000.00
|w 2018-12-09
|y BK
|